La Génesis y desarrollo de una nueva disputa por el acceso del banano de latinoamérica a la Unión Europea

محفوظ في:
التفاصيل البيبلوغرافية
التنسيق: نص
الموضوعات:
الوسوم: إضافة وسم
لا توجد وسوم, كن أول من يضع وسما على هذه التسجيلة!

MARC

LEADER 00000 a a2200000 04500
001 13094
003
040
245 |a La Génesis y desarrollo de una nueva disputa por el acceso del banano de latinoamérica a la Unión Europea  
650 |a BANANOS  
650 |a COMERCIO  
650 |a AMERICA LATINA  
650 |a UNION EUROPEA  
650 |a ARANCELES  
773 |g volumen 6, número 4; páginas 6-8  
999 |c 24912  |d 24912